MARC

LEADER 00000nam0a2200000 4500
001 292738
005 20231102000527.0
020 |a RU  |b 83-65834 
035 |a (RuTPU)RU\TPU\book\317374 
090 |a 292738 
100 |a 20150424d1983 m y0rusy5003 ca 
101 0 |a rus 
102 |a RU 
105 |a a z 000zb 
200 1 |a Всеволод Пудовкин  |f А. Караганов 
205 |a 2-е изд., перераб. и доп. 
210 |a Москва  |c Искусство  |d 1983 
215 |a 273 с.  |c 24 л. ил.  |d 20 см 
225 1 |a Жизнь в искусстве 
600 1 |a Пудовкин  |b В. И.  |c советский кинорежиссер  |c теоретик кино  |f 1893-1953  |g Всеволод Илларионович  |2 stltpush  |3 (RuTPU)RU\TPU\pers\13282  |9 3955 
606 1 |a Кинорежиссура  |2 stltpush  |3 (RuTPU)RU\TPU\subj\14377  |9 40778 
610 1 |a режиссеры 
610 1 |a СССР 
610 1 |a кино 
610 1 |a киноискусство 
610 1 |a творчество 
610 1 |a кинематография 
610 1 |a биографии 
675 |a 791.44.071.1  |z rus  |v 4 
700 1 |a Караганов  |b А. В.  |g Александр Васильевич  |4 070 
801 0 |a RU  |b RuMRKP  |c 19950704  |g psbo 
801 1 |a RU  |b 63413507  |c 20150424 
801 2 |a RU  |b 63413507  |c 20170718  |g RCR 
942 |c BK